000 00487nam a22001817a 4500
999 _c478619
_d478619
003 NUST
005 20180606064104.0
008 180606b ||||| |||| 00| 0 eng d
020 _a9788131529164
038 _aSNS Library
082 _a543.5 LAM 2015
100 _aPavia, Lampman, Kriz
_911050
245 _aIntroduction to Spectroscopy
_cPavia, Lampman, Kriz
250 _a5th Ed.
260 _aIndia
_bCengage Learning
_c2015
300 _axvii, 690 P.
_bPb.
942 _2ddc
_cBK